000 00313nam a22001337a 4500
008 181004b xxu||||| |||| 00| 0 eng d
020 _a9024737230
041 _aeng
080 _a101
100 _a24
101 _aFIL
245 _aNewton's scientific and Philosophical legacy
_cScheurer,P.B
942 _2udc
_cBK
999 _c48856
_d48856